Statistiques concernant Une carrière #2 Kakà

Cliquez ici pour prendre le quiz!

Statistiques générales

  • Ce quiz a été pris 189 fois
  • Le résultat moyen est 12 sur 20

Statistiques - réponses

Réponse% Correct
2003-2009AC Milan
97%
2013-2014AC Milan
97%
NationalitéBrésil
97%
Bon piedDroit
96%
2009-2013Réal Madrid
95%
2007Ligue des Champions
84%
2002Coupe du monde
82%
2004Série A
79%
2012Liga
72%
2007Ballon d'or
63%
2012Supercoupe d'Espagne
52%
2004Supercoupe d'Italie
47%
2001-2003Sao Paulo
46%
2014 (pret)Sao Paulo
46%
2011Coupe d'Espagne
44%
2014-2017Orlando City
42%
2007Coupe du monde des clubs
37%
2007Supercoupe d'Europe
30%
2005, 2009Coupe des confédérations
16%
Nom completRicardo Izecson dos Santos Leite
11%

Distribution des résultats

Percentile par nombre de réponses

% des personnes avec chaque résultat

Votre développement - résultats

Vous n’avez pas pris ce quiz